|
|
|
|
| LEADER |
00000nab a2200000 a 4500 |
| 001 |
vtls000176329 |
| 003 |
SK-MaSNL |
| 005 |
20260303210705.0 |
| 008 |
160202c1984 xo 0 slo |
| 015 |
|
|
|a SNBRB19rr/mm-uuuuu
|
| 035 |
|
|
|a CL0186442
|
| 040 |
|
|
|a SNKBUCL
|b slo
|c SNKBUCL
|e AACR2
|
| 041 |
0 |
|
|a slo
|
| 044 |
|
|
|a xo
|c SK
|
| 080 |
|
|
|a 629.113+621.791+007.52+621.757:061.4
|2 1981
|
| 080 |
|
|
|a 621.791
|2 1981
|
| 080 |
|
|
|a 007.52
|2 1981
|
| 080 |
|
|
|a 621.757
|2 1981
|
| 080 |
|
|
|a 061.4
|2 1981
|
| 100 |
1 |
|
|a Michálik, Anton
|4 aut
|9 270629
|
| 245 |
1 |
0 |
|a Užitočné konfrontácie
|b Brno: Štyri výstavy naraz..
|c Anton Michálik
|
| 300 |
|
|
|b Obr. 1.
|
| 650 |
0 |
7 |
|a Autoprogress 1984
|2 snkbucl
|9 1242758
|
| 650 |
0 |
7 |
|a motorizmus
|2 snkbucl
|9 3265
|
| 650 |
0 |
7 |
|a Welding 1984, Brno
|2 snkbucl
|9 923728
|
| 650 |
0 |
7 |
|a zváranie
|2 snkbucl
|9 1839
|
| 650 |
0 |
7 |
|a Robot 1984
|2 snkbucl
|9 1242759
|
| 650 |
0 |
7 |
|a automatizácia
|2 snkbucl
|9 1428
|
| 650 |
0 |
7 |
|a Montex 1984
|2 snkbucl
|9 1242760
|
| 650 |
0 |
7 |
|a interná montáž
|2 snkbucl
|9 1242753
|
| 651 |
|
7 |
|a 3702
|2 snkbucl
|9 353010
|
| 655 |
|
7 |
|a články z novín a časopisov
|2 snkbucl
|9 267496
|
| 773 |
0 |
|
|t Technické noviny
|g Roč. 32, č. 8 (1984), s. 1,3
|
| 850 |
|
|
|a Slovenská národná knižnica v Martine
|a MTA001
|
| 852 |
|
|
|a SNK
|b KIS3GCP
|
| 958 |
|
|
|a RK
|
| 958 |
|
|
|a CZ
|
| 992 |
|
|
|a RBX
|
| 999 |
|
|
|c 2201260
|d 2203190
|